Original 151 Pokemon by Picture - Statistics

General Stats
  • This quiz has been taken 27 times
    18 since last reset
  • The average score is 80 of 151
Answer Stats
Picture Answer % Correct
Blastoise
100%
Bulbasaur
100%
Charizard
100%
Charmander
100%
Squirtle
100%
Wartortle
94%
Pidgeot
88%
Pikachu
88%
Rattata
88%
Arbok
81%
Caterpie
81%
ekans
81%
Ivysaur
75%
Kakuna
75%
Metapod
75%
Pidgeotto
75%
Snorlax
75%
Venusaur
75%
Weedle
75%
Beedrill
69%
Eevee
69%
Raticate
69%
Sandslash
69%
Abra
63%
Diglett
63%
Ditto
63%
Dragonite
63%
Gengar
63%
Kadabra
63%
Lapras
63%
Magikarp
63%
Mew
63%
Nidoran
63%
Nidoran
63%
Onix
63%
Pidgey
63%
Poliwag
63%
Ponyta
63%
Psyduck
63%
Spearow
63%
Articuno
56%
Clefairy
56%
Dragonair
56%
Dratini
56%
Dugtrio
56%
Fearow
56%
Flareon
56%
Gastly
56%
Golduck
56%
Huanter
56%
Hypno
56%
Jigglypuff
56%
Jolteon
56%
Jynx
56%
Machop
56%
Mankey
56%
Meowth
56%
Mewtwo
56%
Mr.Mime
56%
Muk
56%
Nidoking
56%
Nidoqueen
56%
Nidorina
56%
Paras
56%
Poliwhirl
56%
Slowpoke
56%
Staryu
56%
Vaporeon
56%
Voltorb
56%
Vulpix
56%
Weezing
56%
Zapdos
56%
Zubat
56%
Alakazam
50%
Clefable
50%
Doduo
50%
Drowzee
50%
Farfetch'd
50%
Geodude
50%
Gloom
50%
Golbat
50%
Golem
50%
Growlithe
50%
Gyarados
50%
Koffing
50%
Krabby
50%
Machamp
50%
Moltres
50%
Nidorino
50%
Ninetales
50%
Oddish
50%
Persian
50%
Pinsir
50%
Primeape
50%
Rhydon
50%
Rhyhorn
50%
Seel
50%
Slowbro
50%
Starmie
50%
Tauros
50%
Arcanine
44%
Bellsprout
44%
Chansey
44%
Cubone
44%
Dewgong
44%
Electrode
44%
Graveler
44%
Grimer
44%
Hitmonchan
44%
Hitmonlee
44%
Kangaskhan
44%
Lickitung
44%
Machoke
44%
Magmar
44%
Parasect
44%
Poliwrath
44%
Porygon
44%
Rapidash
44%
Shellder
44%
Tangela
44%
Tentacool
44%
Venomoth
44%
Wigglytuff
44%
Aerodactyl
38%
Cloyster
38%
Electabuzz
38%
Goldeen
38%
Horsea
38%
Kabuto
38%
Kingler
38%
Magnemite
38%
Omastar
38%
Scyther
38%
Seadra
38%
Seaking
38%
Tentacruel
38%
Venonat
38%
Weepinbell
38%
Kabutops
31%
Magneton
31%
Marowak
31%
Omanyte
31%
Victreebel
31%
Vileplume
31%
Dodrio
25%
Charmelon
19%
Exeggutor
19%
Sandrew
6%
Butterflee
0%
Exeggucute
0%
Rainchu
0%
No matching quizzes found
Score Distribution
Percent of People with Each Score
Percentile by Number Answered
Your Score History
You have not taken this quiz since the last reset